|
|
|
|
| LEADER |
00000nam0a2200000 4500 |
| 001 |
193654 |
| 005 |
20231031182018.0 |
| 035 |
|
|
|a (RuTPU)RU\TPU\book\211198
|
| 090 |
|
|
|a 193654
|
| 100 |
|
|
|a 20110325d1966 m y0rusy50 ca
|
| 101 |
0 |
|
|a rus
|
| 102 |
|
|
|a RU
|
| 105 |
|
|
|a a z 000zd
|
| 200 |
1 |
|
|a Ждут их страны
|f Н. Ф. Кузнецов
|
| 210 |
|
|
|a Москва
|c Молодая гвардия
|d 1966
|
| 215 |
|
|
|a 111 с.
|c ил.
|
| 225 |
1 |
|
|a Ровесник шагает по планете
|
| 610 |
1 |
|
|a космическое производство
|
| 610 |
1 |
|
|a летчики-космонавты
|
| 610 |
1 |
|
|a полет в космос
|
| 610 |
1 |
|
|a СССР
|
| 610 |
1 |
|
|a космонавтика
|
| 675 |
|
|
|a 629.19
|v 3
|
| 700 |
|
1 |
|a Кузнецов
|b Н. Ф.
|g Николай Федорович
|
| 801 |
|
1 |
|a RU
|b 63413507
|c 20110325
|
| 801 |
|
2 |
|a RU
|b 63413507
|c 20110426
|g RCR
|
| 942 |
|
|
|c BK
|